• 首页
  • 本馆介绍
  • 公告通知
  • 最新文献
  • 馆藏检索
  • 电子资源
  • 读者导购
  • 参考咨询
  • 我的图书馆
  • 登录
  • 详细信息显示
  • 放入我的书架
  • 预约/预借图书
  • 作者相关作品
  • 分类相关作品
  • 丛书相关作品
  • 出版社相关作品

书目信息

  • 表格格式
  • 工作单格式
  • 卡片格式
题名:
中国古代冶铁技术发展史
    
 
作者: 杨宽 著
分册:  
出版信息: 上海   上海人民出版社  2004
页数: 10,323页
开本: 21cm
丛书名: 专题史系列丛书
单 册:
中图分类: TF5-092
科图分类:
主题词: 炼铁 , 冶金史 , 炼铁--冶金史--中国--古代
电子资源:
ISBN: 7-208-05309-X
000 01183nam0 2200349 450
000 01146nam0 2200337 450
000 01145nam0 2200349 450
000 01091nam0 2200325 450
000 01120nam0 2200313 450
000 01083nam0 2200301 45
001 TS-189630
005 20061228145059.73
010    @a7-208-05309-X@dCNY28.00
100    @a20060829d2004 em y0chiy0110 ea
101 0  @achi
102    @aCN@b310000
105    @aaf z 000yy
200 1  @a中国古代冶铁技术发展史@Azhong guo gu dai ye tie ji shu fa zhan shi@f杨宽著
210    @a上海@c上海人民出版社@d2004
215    @a10,323页@c图版,图@d21cm
225 2  @a专题史系列丛书
330    @a本书分两篇。上篇介绍了中国古代冶铁业的发展和炼铁技术的进步以及炼铁炉的发展和冶炼技术,下编介绍了中国古代炼钢技术的创造和发展。
410  0 @1001002948410@12001 @a专题史系列丛书
606 0  @a炼铁
606 0  @a冶金史
606 0  @a炼铁@x冶金史@y中国@z古代
690    @aTF5-092@v4
701  0 @a杨宽@Ayang kuan@f(1914~)@4著
801  0 @aCN@b中图数据@c20061228
905    @a10447@dTF5-092@e23
    
    中国古代冶铁技术发展史/杨宽著.-上海:上海人民出版社,2004
    10,323页:图版,图;21cm.-(专题史系列丛书)
    
    
    ISBN 7-208-05309-X:CNY28.00
    本书分两篇。上篇介绍了中国古代冶铁业的发展和炼铁技术的进步以及炼铁炉的发展和冶炼技术,下编介绍了中国古代炼钢技术的创造和发展。
●
相关链接 在E读中查询图书 在五车中查询图书 在当当中查询图书 在豆瓣中查询图书


正题名:中国古代冶铁技术发展史     索取号:TF5-092/23         预约/预借

序号 登录号 条形码 馆藏地/架位号 状态 备注
1 0604385   206043850   第二样本阅览室/ [索取号:TF5-092/23] 在馆    
2 0604386   206043869   密集书库/ [索取号:TF5-092/23] 在馆    
3 0604387   206043878   密集书库/ [索取号:TF5-092/23] 在馆    
4 0604388   206043887   密集书库/ [索取号:TF5-092/23] 在馆    
5 0604389   206043896   第三借阅区/ [索取号:TF5-092/23] 在馆    
6 0604390   206043903   第三借阅区/ [索取号:TF5-092/23] 在馆    
唐山师范学院图书馆 欢迎您!
大连网信软件有限公司© 版权所有